000 00491nam a2200181Ia 4500
003 GCL
008 140319s9999 xx 000 0 eng d
040 _aGCL /
_cGCL
082 0 4 _a621.3
_bS B
100 1 _aSMITH, MCKENZIE
245 1 0 _aBASIC ELECTRICAL ENGINEERING SCIENCE /
_cSMITH, MCKENZIE
700 1 _aHOSIE, K. T.
260 _a[S.N] :
_bELBS LONGMAN ،
_c1994
300 _a459\P
650 0 4 _aالتحليل الرياضى
650 0 4 _aELECTRIC ENGINEERING
942 _2ddc
_cBK
999 _c19913
_d19913